000 00880nam a2200253Ia 4500
003 OSt
005 20220923215154.0
006 a|||||r|||| 00| 0
007 ta
008 220922b |||||||| |||| 00| 0 hin d
024 _a176,310
037 _cTextual
040 _aARTS
_cARTS
_bhin
041 _2hin
_ahin
082 _aO152,1:g, L8
100 _aरजनीश, गोविन्द
_9156279
245 0 _aआधुनिक हिन्दी काव्य में वसन्त वर्णन
246 _aĀdhunik hindī kāvya mean vasanta varṇana
260 _aजयपुर
_b देवनागर प्रकाशन
_c1978
300 _a268 पृ.
_ccm.
650 _aहिन्दी साहित्य
_9156264
942 _hO152,1:g, L8
_cTEXL
_2CC
999 _c329860
_d329860